| 000 | 00844nam a22003017a 4500 | ||
|---|---|---|---|
| 001 | BR2011008041 | ||
| 003 | BR-BrBNA | ||
| 005 | 20230928103712.0 | ||
| 007 | ta | ||
| 008 | 230509b bl.||||| |||| 00| 0 por d | ||
| 040 |
_aBR-BrBNA _bpor _cBiblioteca Nacional de Agricultura |
||
| 041 | _a(Por) | ||
| 072 | _aF01 | ||
| 090 | _ F01 BR2011008041 | ||
| 100 | 1 | _aMiyasaka, S. | |
| 100 | 1 | _aNakamura, Y. | |
| 100 | 1 | _aOkamoto, H. | |
| 110 | 1 |
_aServiço de Apoio às Micro e Pequenas Empresas do Estado de Mato Grosso, Cuiabá (Brasil) _99297 |
|
| 245 | 1 | _aAgricultura natural | |
| 260 | 3 |
_aCuiabá, MT (Brasil): _c1996. |
|
| 300 | _a69 p. | ||
| 500 | _a38 ref. | ||
| 650 | _aAGRICULTURA ORGÂNICA | ||
| 650 | _aAGRICULTURA SUSTENTÁVEL | ||
| 650 | _aAGRICULTURA BIOLOGICA | ||
| 909 |
_a202309 _bLucia _c55 _dLucia Elande |
||
| 942 | _cBK | ||
| 999 |
_c76226 _d76226 |
||